| 000 | 00854cam a22002655a 4500 | ||
|---|---|---|---|
| 001 | 48780 | ||
| 005 | 20180204103411.0 | ||
| 008 | 930729s1993 enka frb 001 0 eng d | ||
| 020 | _a0750607890 | ||
| 020 | _a978075060896 | ||
| 040 |
_aDLC _cDLC _dDLC _dEG-ScBUE _beng |
||
| 082 | 0 | 4 |
_a658 _222 _bMUD |
| 100 | 1 | _aMudie, Peter. | |
| 245 | 1 | 4 |
_aThe management and marketing of services / _cPeter Mudie and Angela Cottam. |
| 260 |
_aOxford ; _aBoston : _bButterworth Heinemann, _c1993. |
||
| 300 |
_axi, 269 p. : _bill. ; _c25 cm. |
||
| 504 | _aIncludes bibliographical references and index. | ||
| 541 | _aDonation from David Kirby. | ||
| 650 | 7 |
_aService industries _xManagement. _2BUEsh _935062 |
|
| 650 | 7 |
_aService industries _xMarketing. _2BUEsh _98370 |
|
| 651 | _2BUEsh | ||
| 653 |
_bGGEN _cFebruary2018 |
||
| 700 | 1 | _aCottam, Angela. | |
| 942 | _2ddc | ||
| 999 |
_c26064 _d26036 |
||